LEADER 00783nam a2200169 i 4500 001 000000139250 003 CaOOAMICUS 005 20241016141430.0 008 050519s1982 it u000 u mul u 040 $aSeMil$bita 245 10$aTomo 1. 300 $a599 p., [18] carte di tav. ;$c22 cm 773 0 $aFondazione Centro italiano di studi sull'Alto Medioevo $tCristianizzazione ed organizzazione ecclesiastica delle campagne nell'Alto Medioevo.$dSpoleto : Presso la Sede del Centro, 1982.$kAtti delle settimane di studio / Centro italiano di studi sull'alto Medioevo$g1$w()13495 850 $aSeMil 852 $aSeMil$W1$xVenegono$y1$m3TA B 28/1$j251228$B92687$CSeMilBibl$Z2$F97893 $81 996 $6245$aTomo 1$9(OLS)http://semarc/title/46685 LEADER 01347nam a2200325 i 4500 001 000000174501 003 CaOOAMICUS 005 20250728145822.0 008 080916s2008 it u000 u ita u 013 $a151977 020 $a978-88-200-4531-9 040 $aSeMil$bita 100 1 $aColmegna, Virginio,$d<1945- >.$0(OLS)http://semarc/name/25889 245 10$aHo avuto fame /$cVirginio Colmegna ; A cura di Silvia Landra. 260 $aMilano :$bSperling & Kupfer,$ccopyr. 2008. 300 $aXXV, 140 p. ;$c22 cm. 490 0 $aSaggi 500 $aIn preliminari : Firma dell'autore. - Fondo card. C.M. Martini. 650 4$aOspitalitą - Etica e morale cristiana.$0(OLS)http://semarc/subject/50789 650 4$aVita cristiana.$0(OLS)http://semarc/subject/4445 700 1 $aLandra, Silvia.$0(OLS)http://semarc/name/58317 830 0$aSaggi .$0(OLS)http://semarc/title/455049 850 $aSeMil 852 $aSeMil$W1$xVenegono$y1$m3F IV 235$j125337$B125337$CSeMilBibl$Z2$F137994 $81 941 1 $a4 961 $aLascito: Martini Card. Carlo Maria 996 $6020$a978-88-200-4531-9$9(OLS)http://semarc/number/162409 996 $6245$aHo avuto fame$9(OLS)http://semarc/title/250109 996 $6260$aMilano :$bSperling & Kupfer$9(OLS)http://semarc/publisher/31721